Tendering procedure for specialist sub-contractors (Record no. 90870)
[ view plain ]
| 000 -LEADER | |
|---|---|
| fixed length control field | 00778cam a2200277 4500 |
| 008 - FIXED-LENGTH DATA ELEMENTS--GENERAL INFORMATION | |
| fixed length control field | 090401t1986 xxu||||| |||| 00| 0 eng d |
| 020 ## - INTERNATIONAL STANDARD BOOK NUMBER | |
| International Standard Book Number | 0854062629 |
| 035 ## - SYSTEM CONTROL NUMBER | |
| System control number | (Sirsi) u40554 |
| 041 ## - LANGUAGE CODE | |
| Language code of text/sound track or separate title | eng |
| 050 ## - LIBRARY OF CONGRESS CALL NUMBER | |
| Classification number | 692.9 |
| 090 ## - LOCALLY ASSIGNED LC-TYPE CALL NUMBER (OCLC); LOCAL CALL NUMBER (RLIN) | |
| Classification number (OCLC) (R) ; Classification number, CALL (RLIN) (NR) | RICS 1986/28 ABCD |
| 100 ## - MAIN ENTRY--PERSONAL NAME | |
| Personal name | Goodridge, D.B. |
| 245 ## - TITLE STATEMENT | |
| Title | Tendering procedure for specialist sub-contractors |
| 260 ## - PUBLICATION, DISTRIBUTION, ETC. | |
| Place of publication, distribution, etc. | London |
| Name of publisher, distributor, etc. | Surveyors Publications |
| Date of publication, distribution, etc. | 1986 |
| 300 ## - PHYSICAL DESCRIPTION | |
| Extent | 23p. ; 30cm. |
| 350 ## - PRICE (NR) (BK AM CF MU VM SE) [OBSOLETE] | |
| Price | 2 |
| 490 ## - SERIES STATEMENT | |
| Series statement | Technical papers on quantity surveying |
| Volume/sequential designation | topics |
| 520 ## - SUMMARY, ETC. | |
| Summary, etc. | Published on behalf of the Royal Institution of Chartered Surveyors . |
| 700 ## - ADDED ENTRY--PERSONAL NAME | |
| Personal name | Ensom, A.C. |
| 700 ## - ADDED ENTRY--PERSONAL NAME | |
| Personal name | Mack, S.F. |
| 700 ## - ADDED ENTRY--PERSONAL NAME | |
| Personal name | Phelphs, I.C. |
| 700 ## - ADDED ENTRY--PERSONAL NAME | |
| Personal name | Reading, M. |
| 700 ## - ADDED ENTRY--PERSONAL NAME | |
| Personal name | Scott, P.M.D. |
| 942 ## - ADDED ENTRY ELEMENTS (KOHA) | |
| Suppress in OPAC | 0 |
| 948 ## - LOCAL PROCESSING INFORMATION (OCLC); SERIES PART DESIGNATOR (RLIN) | |
| c (OCLC) | 04/03/1997 |
| Withdrawn status | Lost status | Source of classification or shelving scheme | Damaged status | Not for loan | Home library | Current library | Shelving location | Date acquired | Cost, normal purchase price | Total Checkouts | Full call number | Barcode | Date last seen | Copy number | Cost, replacement price | Price effective from | Koha item type |
|---|---|---|---|---|---|---|---|---|---|---|---|---|---|---|---|---|---|
| Dewey Decimal Classification | Historic collection | Historic collection | RICS Boxes | 14/09/1999 | 2.00 | RICS 1986/28 | 30019376 | 06/08/2019 | 1 | 2.00 | 06/08/2019 | Archive | |||||
| Dewey Decimal Classification | London | London | RICS Boxes | 14/09/1999 | 2.00 | RICS 1986/28 | 30019372 | 06/08/2019 | 1 | 2.00 | 06/08/2019 | Book | |||||
| Dewey Decimal Classification | London | London | RICS Boxes | 14/09/1999 | 2.00 | RICS 1986/28 | 30019380 | 06/08/2019 | 3 | 2.00 | 06/08/2019 | Reference material |